| 000 | 00508nam a2200145Ia 4500 | ||
|---|---|---|---|
| 008 | 100122s9999 xx 000 0 und d | ||
| 082 |
_b54507 _a823 |
||
| 100 | _aसाने भालचंद्र | ||
| 245 | _aघराणं प्रतिष्ठित हवं | ||
| 260 |
_bआपलं प्रकाशन _c1997 |
||
| 300 | _a135 | ||
| 630 | _aघराणं प्रतिष्ठित हवं | ||
| 730 | _aघराणं प्रतिष्ठित हवं | ||
| 942 | _cBOOK | ||
| 999 |
_c431343 _d431340 |
||